[Event "Piacenza Ruscitti Memorial 2nd"]
[Site "Piacenza"]
[Date "2023.11.19"]
[Round "3"]
[White "Paragliola, Gennaro"]
[Black "Florescu, Emanuel"]
[Result "0-1"]
[WhiteElo "1261"]
[BlackElo "1269"]
[PlyCount "82"]
[EventDate "2023.11.18"]
[EventType "swiss"]
[EventRounds "5"]
[EventCountry "ITA"]
[SourceTitle "CB48_2023"]
[SourceDate "2023.11.29"]
[SourceVersion "1"]
[SourceVersionDate "2023.11.29"]
[SourceQuality "1"]

1. d4 Nf6 2. c4 g6 3. Nc3 Bg7 4. e4 d6 5. Be3 Nbd7 6. Qd2 0-0 7. Bh6 e5 8. d5 Nc5 9. f3 Nh5 10. Bxg7 Kxg7 11. Nge2 c6 12. 0-0-0 cxd5 13. Qxd5 Be6 14. Qxd6 Qxd6 15. Rxd6 Bxc4 16. g4 Nf6 17. Ng3 Be6 18. Be2 Rac8 19. Kb1 Rfd8 20. Rhd1 Rxd6 21. Rxd6 Rc6 22. Rxc6 bxc6 23. b4 Ncd7 24. a4 Ne8 25. Kb2 Nd6 26. Ba6 f5 27. gxf5 gxf5 28. exf5 Nxf5 29. Nxf5+ Bxf5 30. Bc8 Kg6 31. Bxd7 Bxd7 32. Kc2 Kf5 33. Ne2 Kg5 34. Kd3 Bf5+ 35. Ke3 Bc2 36. a5 Bd1 37. Kf2 Bxe2 38. Kxe2 Kf4 39. Kf2 a6 40. Ke2 e4 41. fxe4 Kxe4 0-1

[Event "Barcelona Sant Marti op-A 16th"]
[Site "Barcelona"]
[Date "2014.07.18"]
[Round "6"]
[White "Ruhlmann, Helene"]
[Black "Paragliola, Gennaro"]
[Result "1-0"]
[WhiteElo "1867"]
[BlackElo "1560"]
[PlyCount "37"]
[EventDate "2014.07.13"]
[EventType "swiss"]
[EventRounds "9"]
[EventCountry "ESP"]
[SourceTitle "CBM 161 Extra"]
[Source "ChessBase"]
[SourceDate "2014.08.29"]
[SourceVersion "1"]
[SourceVersionDate "2014.08.29"]
[SourceQuality "1"]

1. d4 Nf6 2. Nf3 d5 3. e3 g6 4. b3 Bg7 5. Bb2 0-0 6. Bd3 c6 7. Nbd2 Nbd7 8. 0-0 Re8 9. c4 e5 10. dxe5 Ng4 11. cxd5 Ndxe5 12. Nxe5 Nxe5 13. Be2 Qxd5 14. Qc2 Be6 15. f4 Ng4 16. Bxg7 Nxe3 17. Bf3 Qd8 18. Qc3 Qb6 19. Bd4 1-0

[Event "Barcelona Sant Marti op-A 16th"]
[Site "Barcelona"]
[Date "2014.07.17"]
[Round "5"]
[White "Paragliola, Gennaro"]
[Black "Romero Gamez, Francisco Javier"]
[Result "1/2-1/2"]
[WhiteElo "1560"]
[BlackElo "1795"]
[PlyCount "55"]
[EventDate "2014.07.13"]
[EventType "swiss"]
[EventRounds "9"]
[EventCountry "ESP"]
[SourceTitle "CBM 161 Extra"]
[Source "ChessBase"]
[SourceDate "2014.08.29"]
[SourceVersion "1"]
[SourceVersionDate "2014.08.29"]
[SourceQuality "1"]

1. d4 d5 2. c4 e6 3. Nc3 Nf6 4. Bg5 Nbd7 5. e3 c6 6. Nf3 Qa5 7. Bxf6 Nxf6 8. c5 Ne4 9. Qa4 Qxa4 10. Nxa4 Be7 11. Bd3 f5 12. 0-0 0-0 13. Ne5 Bg5 14. Rfe1 Bf6 15. f3 Ng5 16. f4 Ne4 17. Nf3 Bd8 18. Nc3 Nxc3 19. bxc3 h6 20. Ne5 Bc7 21. Ng6 Rf6 22. Nh4 Bd7 23. c4 Rff8 24. Rab1 Rfb8 25. Re2 b6 26. cxb6 Rxb6 27. Rxb6 axb6 28. Rb2 1/2-1/2

[Event "Barcelona Sant Marti op-A 16th"]
[Site "Barcelona"]
[Date "2014.07.14"]
[Round "2"]
[White "Paragliola, Gennaro"]
[Black "Hapala, Elisabeth"]
[Result "0-1"]
[WhiteElo "1560"]
[BlackElo "2068"]
[PlyCount "50"]
[EventDate "2014.07.13"]
[EventType "swiss"]
[EventRounds "9"]
[EventCountry "ESP"]
[SourceTitle "CBM 161 Extra"]
[Source "ChessBase"]
[SourceDate "2014.08.29"]
[SourceVersion "1"]
[SourceVersionDate "2014.08.29"]
[SourceQuality "1"]

1. d4 d5 2. c4 c6 3. Nc3 Nf6 4. Bg5 dxc4 5. Bxf6 exf6 6. e4 b5 7. a4 b4 8. Na2 Ba6 9. Nf3 Qa5 10. Nd2 b3 11. Nc3 Bb4 12. Qf3 0-0 13. Bxc4 Bxc4 14. Nxc4 Qa6 15. Nd2 Re8 16. Qe2 Qb6 17. Qc4 f5 18. e5 c5 19. Nd5 Bxd2+ 20. Kxd2 Qh6+ 21. f4 Na6 22. g3 Rad8 23. dxc5 Qe6 24. Kc3 Rxd5 25. c6 Rc5 0-1

[Event "Barcelona Sant Marti op-A 16th"]
[Site "Barcelona"]
[Date "2014.07.13"]
[Round "1"]
[White "Persson, Andreas"]
[Black "Paragliola, Gennaro"]
[Result "1-0"]
[WhiteElo "2249"]
[BlackElo "1560"]
[PlyCount "27"]
[EventDate "2014.07.13"]
[EventType "swiss"]
[EventRounds "9"]
[EventCountry "ESP"]
[SourceTitle "CBM 161 Extra"]
[Source "ChessBase"]
[SourceDate "2014.08.29"]
[SourceVersion "1"]
[SourceVersionDate "2014.08.29"]
[SourceQuality "1"]

1. e4 d6 2. d4 g6 3. Nc3 Bg7 4. f4 Nf6 5. Nf3 0-0 6. Bd3 c5 7. dxc5 dxc5 8. Be3 b6 9. Qe2 Bb7 10. 0-0-0 Qc8 11. e5 Nfd7 12. Ng5 Rd8 13. Nxf7 Kxf7 14. e6+ 1-0

[Event "Amantea op-B 9th"]
[Site "Amantea"]
[Date "2011.09.04"]
[Round "1"]
[White "Paragliola, Gennaro"]
[Black "Serratore, Vincenzo"]
[Result "0-1"]
[WhiteElo "1576"]
[BlackElo "1859"]
[PlyCount "106"]
[EventDate "2011.09.04"]
[EventType "swiss"]
[EventRounds "8"]
[EventCountry "ITA"]
[SourceTitle "EXT 2014"]
[Source "ChessBase"]
[SourceDate "2013.11.20"]
[SourceVersion "1"]
[SourceVersionDate "2013.11.20"]
[SourceQuality "1"]

1. d4 d5 2. c4 e6 3. Nc3 Nf6 4. Bg5 Nbd7 5. e3 Be7 6. Nf3 h6 7. Bh4 c6 8. Bd3 Qb6 9. Qc2 Qc7 10. 0-0 0-0 11. Rac1 Qd8 12. c5 Ne8 13. Bg3 f5 14. Ne5 Nxe5 15. Bxe5 Nf6 16. h3 Qe8 17. b4 a6 18. a4 Bd7 19. a5 Qh5 20. Bxf6 Rxf6 21. Ne2 g5 22. Qd1 Kf7 23. Ng3 Qh4 24. Qh5+ Rg6 25. Qxh4 gxh4 26. Nh5 Rag8 27. Nf4 Rg5 28. Be2 Bf6 29. Bf3 e5 30. dxe5 Bxe5 31. Nd3 Bc7 32. Kh1 Ke7 33. Rce1 Be6 34. Nf4 Bf7 35. Bd1 Kd7 36. Rg1 Be5 37. Nd3 Bf6 38. Bc2 Bh5 39. Nf4 Bc3 40. Rb1 Bf7 41. Ne2 Bh8 42. Nd4 Bxd4 43. exd4 f4 44. Bd1 Re8 45. Bg4+ Be6 46. Bxe6+ Rxe6 47. Rge1 Rgg6 48. Kg1 f3 49. Rxe6 Rxg2+ 50. Kf1 Kxe6 51. Re1+ Kf5 52. Re8 Rh2 53. Rf8+ Ke4 0-1

[Event "Condino op 11th"]
[Site "Condino"]
[Date "2011.07.29"]
[Round "7"]
[White "Paragliola, Gennaro"]
[Black "Girelli, Sergio"]
[Result "0-1"]
[WhiteElo "1583"]
[BlackElo "1792"]
[PlyCount "54"]
[EventDate "2011.07.25"]
[EventType "swiss"]
[EventRounds "7"]
[EventCountry "ITA"]
[SourceTitle "EXT 2012"]
[Source "ChessBase"]
[SourceDate "2011.11.24"]
[SourceVersion "1"]
[SourceVersionDate "2011.11.24"]
[SourceQuality "1"]

1. d4 Nf6 2. c4 g6 3. Nc3 Bg7 4. e4 d6 5. Nf3 0-0 6. Be2 e5 7. d5 a5 8. Be3 Na6 9. Nd2 Nc5 10. f3 Nh5 11. Qc2 Nf4 12. Rg1 Bd7 13. Nb3 b6 14. Nxc5 bxc5 15. Qd2 Rb8 16. b3 f5 17. Rc1 Nh5 18. Bh6 f4 19. Bxg7 Kxg7 20. Nd1 Qh4+ 21. Kf1 Qxh2 22. Qe1 Ng3+ 23. Kf2 Qh4 24. Nc3 Nxe4+ 25. Kf1 Ng3+ 26. Kf2 Nf5+ 27. Kf1 Ne3# 0-1

[Event "Rome Accademia Inverno op"]
[Site "Rome"]
[Date "2011.02.12"]
[Round "4"]
[White "Paragliola, Gennaro"]
[Black "Angelastro, Ariel Francisco"]
[Result "0-1"]
[WhiteElo "1603"]
[BlackElo "1644"]
[PlyCount "44"]
[EventDate "2011.02.11"]
[EventType "swiss"]
[EventRounds "5"]
[EventCountry "ITA"]
[SourceTitle "EXT 2023"]
[Source "ChessBase"]
[SourceDate "2022.10.05"]
[SourceVersion "1"]
[SourceVersionDate "2022.10.05"]
[SourceQuality "1"]

1. d4 Nf6 2. c4 g6 3. Nc3 Bg7 4. e4 d6 5. f3 0-0 6. Be3 Na6 7. Qd2 c5 8. d5 Bd7 9. Bh6 Nc7 10. Bxg7 Kxg7 11. 0-0-0 a6 12. a4 Qe8 13. b3 b5 14. a5 bxc4 15. bxc4 Ba4 16. Re1 Rb8 17. Bd3 Rb4 18. Qa2 Bb3 19. Qe2 e5 20. Nh3 Qd8 21. Kd2 Bxc4 22. Bxc4 Rb2+ 0-1

[Event "Costa Viola op 3rd"]
[Site "St Eufemia d'Aspromonte"]
[Date "2010.01.05"]
[Round "6"]
[White "Paragliola, Gennaro"]
[Black "Gallo, Carlo"]
[Result "1-0"]
[WhiteElo "1605"]
[BlackElo "1619"]
[PlyCount "67"]
[EventDate "2010.01.02"]
[EventType "swiss"]
[EventRounds "7"]
[EventCountry "ITA"]
[SourceTitle "EXT 2011"]
[Source "ChessBase"]
[SourceDate "2010.11.26"]
[SourceVersion "1"]
[SourceVersionDate "2010.11.26"]
[SourceQuality "1"]

1. d4 d6 2. c4 e5 3. dxe5 dxe5 4. Qxd8+ Kxd8 5. Nc3 Be6 6. e4 c6 7. Nf3 f6 8. Be2 Kc7 9. 0-0 Be7 10. Be3 Nd7 11. b3 Nh6 12. h3 Nf7 13. Rfd1 Rhd8 14. a3 Nb6 15. c5 Rxd1+ 16. Rxd1 Nd7 17. b4 a5 18. b5 Bxc5 19. bxc6 Bxe3 20. cxd7 Bxf2+ 21. Kxf2 Bxd7 22. Nd5+ Kc6 23. Rc1+ Kd6 24. Nb6 Rd8 25. Nd2 Ke7 26. Rc7 Nd6 27. Ndc4 Nxe4+ 28. Ke3 Nd6 29. Nxa5 Nc8 30. Rxb7 Nd6 31. Rc7 Nf5+ 32. Kf2 Ke8 33. Nxd7 Rxd7 34. Bb5 1-0

[Event "Filadelfia op 1st"]
[Site "Filadelfia"]
[Date "2009.12.05"]
[Round "1"]
[White "Santagati, Alessandro"]
[Black "Paragliola, Gennaro"]
[Result "1-0"]
[WhiteElo "2176"]
[BlackElo "1606"]
[PlyCount "39"]
[EventDate "2009.12.05"]
[EventType "swiss"]
[EventRounds "7"]
[EventCountry "ITA"]
[SourceTitle "EXT 2012"]
[Source "ChessBase"]
[SourceDate "2011.11.24"]
[SourceVersion "1"]
[SourceVersionDate "2011.11.24"]
[SourceQuality "1"]

1. d4 Nf6 2. Nc3 d5 3. Bg5 g6 4. Bxf6 exf6 5. h4 c6 6. h5 g5 7. Qd3 Bg7 8. h6 Bf8 9. 0-0-0 Bd6 10. e4 Be6 11. exd5 cxd5 12. Re1 0-0 13. g3 Nc6 14. Bh3 g4 15. Bg2 f5 16. Rh5 Bb4 17. Rxf5 Bxf5 18. Qxf5 Bxc3 19. Qxg4+ Kh8 20. Qg7# 1-0

[Event "Amantea op-B 7th"]
[Site "Amantea"]
[Date "2009.09.07"]
[Round "8"]
[White "Bellantoni, Corrado"]
[Black "Paragliola, Gennaro"]
[Result "1-0"]
[WhiteElo "1440"]
[BlackElo "1619"]
[PlyCount "121"]
[EventDate "2009.08.31"]
[EventType "swiss"]
[EventRounds "8"]
[EventCountry "ITA"]
[SourceTitle "CBM 132 Extra"]
[Source "ChessBase"]
[SourceDate "2009.11.03"]
[SourceVersion "1"]
[SourceVersionDate "2009.11.03"]
[SourceQuality "1"]

1. e4 d6 2. d4 Nf6 3. Bd3 g6 4. c4 Bg7 5. Nc3 0-0 6. Be3 e5 7. Nge2 Ng4 8. Qd2 Nxe3 9. Qxe3 Re8 10. d5 Na6 11. a3 Nc5 12. Bc2 f5 13. exf5 gxf5 14. b4 f4 15. Qd2 Nd7 16. Ne4 Nb6 17. Bb3 Bf5 18. N2c3 Kh8 19. f3 Rg8 20. Qf2 Nd7 21. c5 Bf8 22. c6 bxc6 23. dxc6 Nf6 24. Bxg8 Kxg8 25. Nxf6+ Qxf6 26. Nd5 Qg7 27. 0-0 Be6 28. Rfd1 Rb8 29. Qxa7 Rc8 30. Ra2 Be7 31. Rad2 Bh4 32. Qa6 Kh8 33. Qe2 Rg8 34. Nxf4 Bc8 35. Nd3 Bh3 36. Ne1 Bxe1 37. Rxe1 Bxg2 38. Kf2 Qh6 39. Qe3 Qxh2 40. Ke2 Bh3+ 41. Kd1 Qg3 42. Rf2 Qg6 43. Kd2 Qf7 44. Ra1 Bf5 45. Qc3 Qd5+ 46. Ke1 Rg1+ 47. Rf1 Rg3 48. Kf2 Qg8 49. Rg1 Rxg1 50. Rxg1 Qa2+ 51. Ke3 Qf7 52. f4 Qe7 53. fxe5 dxe5 54. Kd2 h5 55. Re1 Qg5+ 56. Qe3 Qd8+ 57. Kc1 e4 58. Qh6+ Bh7 59. Rd1 Qe8 60. Qf6+ Kg8 61. Rd8 1-0